000 00346nam a22001217a 4500
008 230621b xxu||||| |||| 00| 0 eng d
082 _a328.30
_bCPA
100 _cCPA
245 _a10th Commonwealth Parliamentary Conference of Members from Small Countries
_bZimbabwe, Harare 1990
260 _aLondon
_bCPA
_c1990
300 _a48p
942 _2ddc
_cBK
999 _c1988
_d1988